000 00807nam a2200205 i 4500
001 25184
003 ES-MaACL
005 20231111062524.0
007 t|
008 021220m19471948sp ||||1| spa d
245 0 0 _aAportación documental para la erudición española /
_crecopilación y transcripción de José Simón Díaz.
260 _aMadrid :
_bConsejo Superior de Investigaciones Científicas,
_c1947-48.
300 _a5 fasc. ;
_c24 cm.
500 _aEs separata de: Rev. Bibliográfica Documental, núms. 1-4, 1947-1948, t. I y II.
650 4 _aLiteratura española-
_xHistoria y crítica
_914560
700 1 _aSimón Díaz, José.
_9106544
710 2 _aConsejo Superior de Investigaciones Científicas (España)
_93236
852 _aES-MaACL
_jP-750-bis
_bR.29263
999 _c25184
_d25184